Tìm hiểu các văn bản pháp luật về chống buôn lậu : (Tập hợp đầy đủ các văn bản hiện hành và mới nhất)
Đã lưu trong:
| Formáid: | Leabhar |
|---|---|
| Teanga: | Undetermined |
| Foilsithe: |
Hà Nội
Công an nhân dân
2000
|
| Ábhair: | |
| Clibeanna: |
Cuir Clib Leis
Gan Chlibeanna, Bí ar an gcéad duine leis an taifead seo a chlibeáil!
|
| Thư viện lưu trữ: | Trung tâm Học liệu Trường Đại học Cần Thơ |
|---|
| LEADER | 00721nam a2200193Ia 4500 | ||
|---|---|---|---|
| 001 | CTU_39754 | ||
| 008 | 210402s9999 xx 000 0 und d | ||
| 020 | |c 30000 | ||
| 082 | |a 343.08 | ||
| 082 | |b T310 | ||
| 245 | 0 | |a Tìm hiểu các văn bản pháp luật về chống buôn lậu : | |
| 245 | 0 | |b (Tập hợp đầy đủ các văn bản hiện hành và mới nhất) | |
| 245 | 0 | |c Nguyễn Ngọc Điệp (Sưu tầm và hệ thống quá) | |
| 260 | |a Hà Nội | ||
| 260 | |b Công an nhân dân | ||
| 260 | |c 2000 | ||
| 650 | |a Commercial laws | ||
| 904 | |i Nguyễn Quang Điền, Giang sửa | ||
| 980 | |a Trung tâm Học liệu Trường Đại học Cần Thơ | ||